[Event "Ch City (w)"]
[Site "masterchessopen.com - St. Petersburg (Russia)"]
[Date "2005.02.19"]
[Round "5"]
[White "Minina Veronika (RUS)"]
[Black "Ivanova-Skripova Tatiana (RUS)"]
[Result "0-1"]
[WhiteElo "2063"]
[BlackElo "2208"]

1.d4 Nf6 2.c4 e6 3.g3 c5 4.d5 exd5 5.cxd5 d6 6.Nc3 g6 7.Bg2 Bg7 8.Nf3 O-O
9.O-O Re8 10.Bf4 a6 11.a4 h6 12.Ra2 Bf5 13.h3 g5 14.Bd2 Nbd7 15.g4 Bg6 16.b3
Rb8 17.Ne1 b5 18.axb5 axb5 19.f3 b4 20.Na4 Nxd5 21.e4 Bd4+ 22.Kh1 Nf4 23.Nc2
Be5 24.Ne3 Nf6 25.Bc1 Ne6 26.Nc4 Bd4 27.Nab2 d5 28.Na5 Qc7 29.f4 Nxf4 30.Bxf4
gxf4 31.exd5 Ne4 32.Nbc4 Ng3+ 33.Kh2 Nxf1+ 34.Bxf1 Rbd8 35.d6 Rxd6 36.Nxd6
Qxd6 37.Nc4 Bg1+ {#R} 0-1

[Event "Czech League 2004/05 (2nd) (e)"]
[Site "masterchessopen.com - Czech Republic"]
[Date "2005.02.20"]
[Round "8"]
[White "Belunek Vladimir (CZE)"]
[Black "Zpevak Pavel (CZE)"]
[Result "1-0"]
[WhiteElo "2262"]
[BlackElo "2358"]

1.d4 Nf6 2.c4 e6 3.g3 c5 4.d5 exd5 5.cxd5 d6 6.Nc3 g6 7.Bg2 Bg7 8.Nf3 O-O
9.O-O Na6 10.Nd2 Nc7 11.a4 b6 12.Nde4 Nxe4 13.Nxe4 Bb7 14.Bg5 f6 15.Bf4 Ne8
16.Qb3 Kh8 17.a5 Ba6 18.axb6 axb6 19.Rfe1 b5 20.Ra2 Qb6 21.Rea1 g5 22.Be3 h6
23.g4 f5 24.gxf5 Rxf5 25.Nxc5 dxc5 26.d6 Ra7 27.d7 Rxd7 28.Rxa6 Qd8 29.Ra8 Qe7
30.Qxb5 Bf8 31.Qc4 Nc7 32.Rc8 Re5 33.h4 Rxe3 34.fxe3 Qxe3+ 35.Kh1 Ne6 36.hxg5
Qe5 37.Rf1 Kg8 38.Bh3 {#r} 1-0

[Event "It (open)"]
[Site "masterchessopen.com - San Sebastian (Spain)"]
[Date "2005.03.19"]
[Round "1"]
[White "Fosser Gaspar (FRA)"]
[Black "Neelotpal Das (IND)"]
[Result "0-1"]
[WhiteElo "2042"]
[BlackElo "2509"]

1.d4 Nf6 2.Nf3 e6 3.c4 c5 4.d5 exd5 5.cxd5 d6 6.Nc3 g6 7.g3 Bg7 8.Bg2 O-O
9.O-O a6 10.a4 Nbd7 11.e4 Re8 12.Re1 Qe7 13.Qc2 Rb8 14.Bf4 Ng4 15.h3 Nge5
16.Nxe5 Nxe5 17.Bxe5 Bxe5 18.Kh2 b5 19.axb5 axb5 20.f4 Bg7 21.Rad1 b4 22.Ne2
Qf6 23.e5 dxe5 24.Rc1 Bf5 25.Qb3 Qd6 26.Rf1 h5 27.Qc4 exf4 28.Nxf4 Bxb2
29.Qxc5 Qxc5 30.Rxc5 b3 31.Nxh5 Bd4 32.Rc4 b2 33.Rxd4 gxh5 {#R} 0-1

[Event "Ch Russia (club) (w)"]
[Site "masterchessopen.com - Sochi (Russia)"]
[Round "11"]
[White "Sadykova Alsu (RUS)"]
[Black "Dolgova Olga (RUS)"]
[Result "0-1"]
[WhiteElo "2119"]
[BlackElo "2203"]

1.d4 Nf6 2.c4 c5 3.d5 e6 4.Nc3 exd5 5.cxd5 d6 6.g3 g6 7.Bg2 Bg7 8.Nf3 O-O
9.O-O Na6 10.Nd2 Nc7 11.a4 b6 12.Nc4 Ba6 13.Nxd6 Qxd6 14.Bf4 Qd7 15.Bxc7 Qxc7
16.d6 Qd7 17.Bxa8 Rxa8 18.Qd2 Rd8 19.Rfd1 Qh3 20.f3 Bh6 21.e3 Bb7 22.f4 Rxd6
23.Qe2 Re6 24.Rd2 Re8 25.Rad1 Bf8 26.Nb5 Ng4 27.Qf1 Qh5 28.Re1 a6 29.Nc3 Nxe3
30.Qe2 Nc4 31.Qxe8 Nxd2 32.Re7 Bd5 33.Nxd5 Qxd5 34.Rd7 Qc4 {#R} 0-1

[Event "It (open)"]
[Site "masterchessopen.com - Lyons (France)"]
[Date "2005.04.22"]
[Round "8"]
[White "Viennois Romain (FRA)"]
[Black "Asensio Linan Teodoro (ESP)"]
[Result "0-1"]
[WhiteElo "2010"]
[BlackElo "2211"]

1.d4 e6 2.Nf3 Nf6 3.c4 c5 4.d5 exd5 5.cxd5 d6 6.Nc3 g6 7.g3 Bg7 8.Bg2 O-O
9.O-O Na6 10.Nd2 Nc7 11.Nc4 Qe7 12.Bg5 h6 13.Bf4 Rd8 14.h4 Nh5 15.Be3 b6 16.a4
Ba6 17.Na3 Nxg3 18.fxg3 Qxe3+ 19.Kh2 Re8 20.Bf3 Bxc3 {#R} 0-1

[Event "It (open)"]
[Site "masterchessopen.com - Neapol (Italy)"]
[Date "2005.05.13"]
[Round "2"]
[White "Laketic Gojko (SRB)"]
[Black "Cordi' Domenico (ITA)"]
[Result "1-0"]
[WhiteElo "2479"]
[BlackElo "2057"]

1.d4 Nf6 2.Nf3 e6 3.c4 c5 4.d5 exd5 5.cxd5 d6 6.Nc3 g6 7.g3 Bg7 8.Bg2 O-O
9.O-O Na6 10.Nd2 Rb8 11.a4 Nc7 12.Nc4 Nfe8 13.Bf4 f5 14.Qd2 b6 15.Rab1 a5
16.e4 Ba6 17.b3 Bxc4 18.bxc4 Qf6 19.Rb3 Na6 20.Nb5 Nb4 21.exf5 gxf5 22.Re3 Qg6
23.Re6 Rf6 24.Rfe1 Bf8 25.Bg5 Rxe6 26.dxe6 h6 27.Bh4 Kh7 28.Bf3 Kh8 29.Qe2 Qh7
30.e7 Bg7 31.Bh5 Be5 32.f4 Bd4+ 33.Nxd4 cxd4 34.Qe6 {#r} 1-0

[Event "Ch Germany (juniors) (under 16)"]
[Site "masterchessopen.com - Willingen (Germany)"]
[Date "2005.05.16"]
[Round "4"]
[White "Rietze Clemens (GER)"]
[Black "Siebarth Raiko (GER)"]
[Result "0-1"]
[WhiteElo "1942"]
[BlackElo "2188"]

1.d4 Nf6 2.c4 c5 3.d5 e6 4.Nc3 exd5 5.cxd5 g6 6.Nf3 Bg7 7.g3 O-O 8.Bg2 d6
9.O-O Na6 10.Nd2 Nc7 11.Nc4 Re8 12.e4 Bf8 13.Bg5 h6 14.Bxf6 Qxf6 15.f4 Qd4+
16.Qxd4 cxd4 17.Ne2 b5 18.Na5 Nxd5 19.Nxd4 Ne3 20.Nxb5 Rb8 21.Nc7 Re7 22.Nd5
Nxd5 23.exd5 Rxb2 24.Nc4 Rc2 25.Rfc1 Ree2 26.Rxc2 Rxc2 27.Ne3 Re2 28.Rc1 Ba6
29.Nc2 Rd2 30.Nb4 Bb5 31.Rc2 Rd1+ 32.Kf2 Bg7 33.Nc6 Bd3 34.Ne7+ Kf8 35.Rc7
Bd4+ 36.Kf3 Bb6 37.Rd7 Ke8 38.Bh3 f5 {#R} 0-1

[Event "It (open)"]
[Site "masterchessopen.com - Bajada de la Virgen (Spain)"]
[Date "2005.06.14"]
[Round "3"]
[White "Gleizerov Evgeny (RUS)"]
[Black "Sanz Alonso Francisco J (ESP)"]
[Result "1-0"]
[WhiteElo "2564"]
[BlackElo "2385"]

1.d4 Nf6 2.c4 c5 3.d5 e6 4.Nc3 exd5 5.cxd5 d6 6.Nf3 g6 7.g3 Bg7 8.Bg2 O-O
9.O-O a6 10.a4 Nbd7 11.Bf4 Qe7 12.h3 Nh5 13.Bg5 f6 14.Bd2 f5 15.Qc1 Nhf6
16.Bh6 Ne5 17.Bxg7 Nxf3+ 18.Bxf3 Kxg7 19.Rb1 Nd7 20.b4 cxb4 21.Rxb4 Nc5 22.a5
Bd7 23.Qd2 Rac8 24.Rfb1 Rc7 25.e3 f4 26.exf4 Bxh3 27.Ne4 Bc8 28.Nxd6 Qxd6
29.Rb6 Qd8 30.Qc3+ Rf6 31.d6 Rd7 32.Qxc5 Rdxd6 33.Rc1 Bf5 34.Rxb7+ Rd7 35.Qd4
Qe7 36.Rxd7 Qxd7 37.Qxd7+ {#r} 1-0

[Event "Tournament \"]
[Site "masterchessopen.com - Internet"]
[Date "2005.06.25"]
[Round "2"]
[White "Rodshtein Maxim (ISR)"]
[Black "Bykhovsky Anatoly (ISR)"]
[Result "1-0"]
[WhiteElo "2457"]
[BlackElo "2374"]

1.d4 Nf6 2.c4 c5 3.d5 e6 4.Nc3 exd5 5.cxd5 d6 6.g3 g6 7.Bg2 Bg7 8.Nf3 O-O
9.O-O a6 10.a4 Re8 11.Nd2 Nh5 12.Nc4 f5 13.Bd2 Qf6 14.e4 f4 15.e5 dxe5 16.Ne4
Qd8 17.Ba5 Qe7 18.d6 Qf7 19.Nb6 Nc6 20.Nxa8 Nxa5 21.Nc7 h6 22.Nxe8 Qxe8
23.Nxc5 Bf5 24.g4 e4 25.d7 Qd8 26.gxh5 f3 27.Qd5+ Kh8 28.Bxf3 exf3 29.Qxf3 b6
30.Rae1 Qg5+ 31.Qg3 Nc6 32.Qxg5 hxg5 33.hxg6 Bxg6 34.Re8+ Kh7 35.Ne6 {#r} 1-0

[Event "Ch Paris (open)"]
[Site "masterchessopen.com - Paris (France)"]
[Round "5"]
[White "David Alberto (LUX)"]
[Black "Sadvakasov Darmen (KAZ)"]
[Result "1-0"]
[WhiteElo "2595"]
[BlackElo "2612"]

1.d4 Nf6 2.c4 e6 3.g3 c5 4.d5 exd5 5.cxd5 d6 6.Nc3 g6 7.Bg2 Bg7 8.Nf3 O-O
9.O-O Re8 10.Bf4 a6 11.a4 h6 12.Re1 g5 13.Bd2 Nbd7 14.Qc2 Nf8 15.h4 g4 16.Nh2
Nh5 17.Qc1 Kh7 18.Qb1+ Ng6 19.b4 f5 20.bxc5 dxc5 21.a5 Be5 22.Ra3 Kg7 23.Na4
f4 24.Bc3 fxg3 25.fxg3 Bxc3 26.Rxc3 Qxa5 27.Qa1 Ne5 28.Re3 Nf6 29.Rxe5 Rxe5
30.Qxe5 Qxe1+ 31.Nf1 Bd7 32.Qe7+ Kg6 33.h5+ Kf5 34.e4+ Nxe4 35.Bxe4+ Qxe4
36.Ne3+ {#r} 1-0

[Event "Memorial Sakharov (open)"]
[Site "masterchessopen.com - Kiev (Ukraine)"]
[Date "2005.07.13"]
[Round "9"]
[White "Ignatenko Vladimir (UKR)"]
[Black "Shcherbenko Alexandr (UKR)"]
[Result "0-1"]
[WhiteElo "2118"]
[BlackElo "2036"]

1.d4 Nf6 2.c4 e6 3.Nc3 c5 4.d5 d6 5.Nf3 exd5 6.cxd5 g6 7.g3 Bg7 8.Bg2 O-O
9.O-O Na6 10.Bg5 h6 11.Bf4 g5 12.Bd2 Bf5 13.Rc1 Nc7 14.a4 Re8 15.Ne1 Rb8
16.Nc2 Qd7 17.f3 Bxc2 18.Qxc2 Nfxd5 19.Nxd5 Nxd5 20.e4 Bd4+ 21.Kh1 Ne3 22.Bxe3
Bxe3 23.Rcd1 b5 24.axb5 Rxb5 25.f4 Bd4 26.b3 Reb8 27.Rd3 Qe6 28.fxg5 hxg5
29.Rf5 Rxb3 30.Rxg5+ Kf8 31.Rxb3 Qxb3 32.Qxb3 Rxb3 33.h4 a5 34.e5 Bxe5 35.g4
Rb1+ {#R} 0-1

[Event "Ch Iran (1/2 final)"]
[Site "masterchessopen.com - Teheran (Iran)"]
[Date "2005.08.05"]
[Round "3"]
[White "Ghorbani Hadi (IRI)"]
[Black "Ryahi Naser (IRI)"]
[Result "0-1"]
[WhiteElo "2165"]
[BlackElo "2222"]

1.d4 Nf6 2.c4 c5 3.d5 g6 4.Nc3 Bg7 5.Nf3 O-O 6.g3 e6 7.Bg2 exd5 8.cxd5 d6
9.O-O Na6 10.Nd2 Nc7 11.Nc4 Nfe8 12.a4 b6 13.e4 Ba6 14.Qb3 Bxc4 15.Qxc4 a6
16.Be3 Rb8 17.Qe2 b5 18.Rfc1 bxa4 19.Rxa4 Rb3 20.Ra2 Qb8 21.Na4 Nb5 22.Bxc5
dxc5 23.Nxc5 Nd4 24.Qd1 Rxb2 25.Nd7 Ne2+ 26.Kh1 Qa7 27.Rxb2 Nxc1 28.Nxf8 Bxb2
29.d6 Nxd6 30.Qxd6 Qxf2 31.h4 Bd4 32.Kh2 Bc5 33.Qc7 Kxf8 34.Qb8+ Kg7 35.Qe5+
f6 36.Qc7+ Kh6 37.e5 Nd3 38.exf6 Qg1+ {#R} 0-1

[Event "It \"]
[Site "masterchessopen.com - Olomouc (Czech Republic)"]
[Date "2005.08.08"]
[Round "8"]
[White "Beil Martin (CZE)"]
[Black "Mohamed Hossein (UAE)"]
[Result "1-0"]
[WhiteElo "2191"]
[BlackElo "2211"]

1.d4 Nf6 2.c4 c5 3.d5 e6 4.Nc3 exd5 5.cxd5 d6 6.Nf3 g6 7.g3 Bg7 8.Bg2 O-O
9.O-O Na6 10.Nd2 Nc7 11.a4 Rb8 12.Nc4 Re8 13.Bf4 Bf8 14.e4 Nh5 15.Be3 b6 16.f4
Ba6 17.Qb3 Bxc4 18.Qxc4 a6 19.Rae1 b5 20.Qd3 bxa4 21.Bc1 Rb3 22.g4 Nf6 23.Qd1
Qb8 24.e5 Nd7 25.e6 Nf6 26.f5 a3 27.exf7+ Kxf7 28.fxg6+ Kxg6 29.Qc2+ Kg7
30.Qf5 Rxe1 31.Qxf6+ Kg8 32.Qf7+ Kh8 33.Rxe1 axb2 34.Bg5 Bg7 35.Nb1 Rb7 36.Re7
Ne8 37.Qf5 {#r} 1-0

[Event "It (open)"]
[Site "masterchessopen.com - Vlissingen (Netherlands)"]
[Date "2005.08.09"]
[Round "4"]
[White "Ikonnikov Vyacheslav (RUS)"]
[Black "Leenhouts Koen (NED)"]
[Result "1-0"]
[WhiteElo "2566"]
[BlackElo "2398"]

1.d4 Nf6 2.Nf3 e6 3.c4 c5 4.d5 exd5 5.cxd5 d6 6.Nc3 g6 7.g3 Bg7 8.Bg2 O-O
9.O-O Na6 10.Nd2 Nc7 11.a4 b6 12.Nc4 Ba6 13.Qb3 Re8 14.Bf4 Bf8 15.Rfe1 Nh5
16.Bd2 Qd7 17.Na3 Bg7 18.e4 Bd4 19.Be3 Bxc3 20.bxc3 Bd3 21.Bh6 f5 22.e5 dxe5
23.d6+ c4 24.Nxc4 Qf7 25.Nd2 Ne6 26.Bxa8 Rxa8 27.Rxe5 Nc5 28.Qxf7+ Kxf7
29.Re7+ Kf6 30.h4 Rd8 31.Bg5# 1-0

[Event "It \"]
[Site "masterchessopen.com - Olomouc (Czech Republic)"]
[Date "2005.08.10"]
[Round "10"]
[White "Beil Martin (CZE)"]
[Black "Mankeyev Rauan (KAZ)"]
[Result "0-1"]
[WhiteElo "2191"]
[BlackElo "2366"]

1.d4 Nf6 2.c4 c5 3.d5 e6 4.Nc3 exd5 5.cxd5 d6 6.Nf3 g6 7.g3 Bg7 8.Bg2 O-O
9.O-O a6 10.a4 Nbd7 11.e4 Rb8 12.a5 Ng4 13.Nd2 Nge5 14.Qc2 b5 15.axb6 Nxb6
16.Na4 Nxa4 17.Rxa4 Bd7 18.Ra3 Bb5 19.Re1 c4 20.Nb1 Nd3 21.Re2 c3 22.Re3 Nxc1
23.Qxc1 cxb2 24.Qd2 Qc7 25.Re1 Rfc8 26.Bh3 Re8 27.Nc3 Bd7 28.Bxd7 Qxd7 29.Rb1
Rec8 30.Nd1 Qc7 31.Rxa6 Qc1 32.Qd3 Qxb1 33.Qxb1 Rc1 {#R} 0-1

[Event "Ch Region"]
[Site "masterchessopen.com - Tula (Russia)"]
[Date "2005.08.11"]
[Round "7"]
[White "Khanov Vjacheslav (RUS)"]
[Black "Manaenkov Vladimir (RUS)"]
[Result "0-1"]
[WhiteElo "2237"]
[BlackElo "2216"]

1.d4 Nf6 2.c4 c5 3.d5 e6 4.Nc3 exd5 5.cxd5 d6 6.Nf3 g6 7.g3 Bg7 8.Bg2 O-O
9.O-O a6 10.a4 Nbd7 11.e4 Ng4 12.Bg5 Qc7 13.Nd2 Nge5 14.f4 Nd3 15.Rf3 Bd4+
16.Kf1 Nb4 17.Nb3 Bg7 18.Re3 c4 19.Nc1 f6 20.Bh4 Nc5 21.Rb1 g5 22.e5 gxf4
23.gxf4 fxe5 24.Kg1 Rxf4 25.Bg3 Bg4 26.Bf3 Bxf3 27.Rxf3 Rxf3 28.Qxf3 Rf8
29.Qg2 Qf7 30.N1e2 Nbd3 31.Ne4 Nxe4 32.Qxe4 Nxb2 33.Qc2 Bh6 34.Qe4 Nxa4 {#R}
0-1

[Event "It (cat.10)"]
[Site "masterchessopen.com - Aarhus (Denmark)"]
[Date "2005.08.17"]
[Round "5"]
[White "Miton Kamil (POL)"]
[Black "Maze Sebastien (FRA)"]
[Result "1-0"]
[WhiteElo "2636"]
[BlackElo "2506"]

{ } 1.d4 Nf6 2.c4 e6 3.Nf3 c5 4.d5 exd5 5.cxd5 d6 6.Nc3 g6 7.g3 Bg7 8.Bg2 O-O
9.O-O Na6 10.Nd2 Rb8 11.a4 Nb4 ( 11...Nc7 12.Nc4 Nfe8 13.Bf4 f5 14.Qd2 Rf7
15.e4 Bxc3 16.bxc3 fxe4 17.Bxe4 Bh3 18.Rfe1 b6 19.f3 Bf5 20.Bxf5 gxf5 21.Re2
Qf6 22.Rae1 Rg7 23.Nxd6 Nxd6 24.Be5 Qd8 25.Bxg7 Kxg7 26.Re7+ Kg6 27.h4 Nf7
28.d6 Ne8 29.Rxe8 Qxe8 30.Rxe8 Rxe8 31.d7 { ...1-0, Panno Oscar 2480 - Dorin
Mauricio 2397 , Florida 2001 It (cat.9) } ) 12.Nc4 Ne8 { ? } 13.Bf4 ( 13.e4 b6
14.Qe2 a6 15.Bf4 b5 16.axb5 axb5 17.Na5 Qb6 18.Nc6 Nxc6 19.dxc6 Bxc3 20.bxc3
Be6 21.Rfd1 Qxc6 22.Bxd6 Bc4 23.Qc2 Nxd6 24.e5 Ne4 25.Bxe4 Qe6 26.Re1 b4
27.cxb4 cxb4 28.Rac1 Rfc8 29.Qb2 Rb5 30.Bg2 b3 31.Ra1 Bd3 32.Bf1 Bxf1 {
...0-1, Iotov Valentin 2414 - Papp Gellert 2239 , Litohoto 1999 Ch Europe
(juniors) (under 12) } ) 13...g5 ( 13...Bxc3 14.bxc3 Na6 15.e4 f6 16.Bh6 Ng7
17.f4 Re8 18.Re1 Nc7 19.Bxg7 Kxg7 20.e5 fxe5 21.fxe5 dxe5 22.Nxe5 Bd7 23.d6
Na6 24.Rb1 b5 25.Nxd7 Rxe1+ 26.Qxe1 Qxd7 27.Qe5+ Kh6 28.axb5 Rxb5 29.Qf4+ Kg7
30.Re1 Qf5 31.Qxf5 { 1-0, Kolvig Bent 2275 - Hamann Svend 2351 , Nykobing 1961
Ch Denmark } ) 14.Bd2 ( 14.Bc1 f5 15.f4 g4 16.e4 fxe4 17.Bxe4 Nf6 18.Bb1 b6
19.Nb5 a6 20.Na7 Bb7 21.Nc6 Nxc6 22.dxc6 Bxc6 23.Qxd6 Qxd6 24.Nxd6 Nd5 25.Be4
Bd4+ 26.Kg2 Rbd8 27.Nc4 Nxf4+ 28.Rxf4 Rxf4 29.gxf4 Bxe4+ 30.Kg3 h5 31.Nxb6 Kf7
32.Nc4 h4+ 33.Kxh4 Bf2+ { ...0-1, Cuevas-Rodriguez Ma Luisa 2185 - Fontana
Sotomayour Javier 2306 , Spain 1992 Ch Spain (team) } ) 14...f5 { +0.64 CAP }
( 14...h6 15.Qb3 b6 16.Nb5 a6 17.Na7 Qc7 18.Nxc8 Rxc8 19.Rac1 a5 20.e4 Rb8
21.Ne3 b5 22.axb5 Qb6 23.Rfe1 Qxb5 24.Bf1 Qd7 25.Nf5 Nc7 26.Qf3 Nb5 27.Bxb4
axb4 28.Bxb5 Rxb5 29.Qh5 Ra5 30.h4 Ra2 31.b3 gxh4 32.Qg4 { 1-0, Hudecek Jan
2331 - Lobach Pavel V 2309 , Pardubice 1992 It (open) "Trimex" } ) 15.Qb3 { N
} ( 15.f4 g4 16.e4 h5 17.exf5 Bxf5 18.Ne4 Bd4+ 19.Kh1 Nxd5 20.Bc3 Bxe4 21.Bxe4
Nxc3 22.bxc3 d5 23.cxd4 dxe4 24.dxc5 Qxd1 25.Rfxd1 Nf6 26.Nd6 Rfd8 27.Rab1 e3
28.Kg2 Rd7 29.Kf1 Rc7 30.Rbc1 Rc6 31.Nf5 Re8 32.Ke2 Ne4 33.Nd6 Re7 34.Nxe4
Rxe4 { ...1/2-1/2, Kobylkin Evgeni 2440 - Rakov V 2207 , Maikop 4.2004 It
(open) } ) ( 15.Qc1 f4 16.Na2 Bg4 17.f3 Bf5 18.Nxb4 cxb4 19.gxf4 gxf4 20.Bxf4
Rc8 21.e4 Bd7 22.Bg5 Bf6 23.Bxf6 Qxf6 24.b3 b5 25.axb5 Bxb5 26.Kh1 Ng7 27.Rxa7
Bxc4 28.bxc4 b3 29.Rb7 Rb8 30.Rb5 Rfc8 31.Qa3 b2 32.Bh3 Rxb5 33.cxb5 Qc3
34.Qa2 Rf8 { ...1/2-1/2, Bernasek Jan 2384 - Sulskis Sarunas 2555 , Pardubice
24. 7.2004 It (open) "Skanska" } ) 15...Kh8 16.Nb1 f4 17.Bxb4 cxb4 18.Qxb4 Bg4
19.Nc3 Rc8 20.Nd2 Nc7 21.Nde4 Be5 22.Qxb7 a6 23.Rac1 Rb8 24.Qc6 Qe7 25.Nxg5 {
? } ( { ? } 25.Rc2 fxg3 26.Nxg3 Rbc8 27.Qc4 { } ) 25...Qxg5 26.Qxc7 Rxb2
27.Ne4 Qh6 28.Rc2 Bxe2 { ? } ( { ? } 28...Rc8 29.Qxc8+ Bxc8 30.Rxc8+ Kg7 { } )
29.Rxb2 fxg3 30.hxg3 Bxf1 31.Rb8 Bd3 32.Ng5 Bg6 33.Ne6 Rg8 34.f4 Be8 35.Qe7
Qh5 36.fxe5 { } {#r} 1-0

[Event "It (open)"]
[Site "masterchessopen.com - Hamburg (Germany)"]
[Date "2005.10.01"]
[Round "1"]
[White "Sharevich Anna (BLR)"]
[Black "Baczinski Wolfgang (GER)"]
[Result "1-0"]
[WhiteElo "2305"]
[BlackElo "2007"]

1.d4 Nf6 2.c4 e6 3.g3 c5 4.d5 exd5 5.cxd5 d6 6.Nc3 g6 7.Bg2 Bg7 8.Nf3 O-O
9.O-O Re8 10.Bf4 a6 11.a4 Ne4 12.Nxe4 Rxe4 13.Nd2 Rd4 14.Qc2 g5 15.Be3 Rb4
16.Ra2 Qf6 17.Nc4 Bf5 18.Qc1 Nd7 19.Bd2 Rc8 20.Nxd6 Qxd6 21.Bxb4 g4 22.Bc3 Bh6
23.Bd2 Bg7 24.e4 Bg6 25.Bc3 Ne5 26.Bxe5 Qxe5 27.Qf4 {#r} 1-0

[Event "Ch Sardegna"]
[Site "masterchessopen.com - Cagliari (Italy)"]
[Date "2006.02.25"]
[Round "4"]
[White "Basciu Simone (ITA)"]
[Black "Maldarelli Lorenzo (ITA)"]
[Result "1-0"]
[WhiteElo "2164"]
[BlackElo "1774"]

1.d4 Nf6 2.Nf3 c5 3.d5 e6 4.c4 exd5 5.cxd5 d6 6.Nc3 g6 7.g3 Bg7 8.Bg2 O-O
9.O-O Na6 10.Nd2 Nc7 11.Nc4 b5 12.Nxd6 Qxd6 13.Bf4 Qb6 14.d6 Bb7 15.Bxb7 Qxb7
16.dxc7 Qc6 17.Qb3 a6 18.Rad1 c4 19.Qb4 Rfc8 20.Rd6 Qb7 21.Rfd1 Bf8 22.Rd8 Ne8
23.Qa5 Qc6 24.Nd5 Bc5 25.Be3 Kg7 26.Qc3+ f6 27.Bxc5 Qxc5 28.Nxf6 Nxf6 29.R8d7+
Kg8 30.Qxf6 Rf8 31.Qg7# 1-0

[Event "Ch Argentina (1/2 final)"]
[Site "masterchessopen.com - Buenos Aires (Argentina)"]
[Date "2006.03.29"]
[Round "9"]
[White "Alza Agustin (ARG)"]
[Black "Bibiloni Jorge (ARG)"]
[Result "1-0"]
[WhiteElo "2110"]
[BlackElo "2179"]

1.d4 Nf6 2.c4 e6 3.g3 c5 4.d5 exd5 5.cxd5 d6 6.Nc3 g6 7.Bg2 Bg7 8.Nf3 O-O
9.O-O Re8 10.h3 a6 11.a4 Ne4 12.Nxe4 Rxe4 13.Nd2 Rb4 14.Ra2 b5 15.axb5 Nd7
16.Qc2 Nb6 17.bxa6 Bxa6 18.Re1 Bb5 19.b3 c4 20.bxc4 Nxc4 21.Rxa8 Qxa8 22.Ne4
Ba4 23.Qd3 f5 24.Ng5 Qc8 25.e4 Ne5 26.Qa3 Qc4 27.Bf1 Qb3 28.Re3 Qb1 29.Bd2 Nc4
30.Qxb4 Qxb4 31.Bxb4 Nxe3 32.fxe3 Be5 33.Kf2 Bc2 34.Nf3 Bxe4 35.Nxe5 dxe5
36.d6 Bc6 37.Bc4+ Kg7 38.Be6 {#r} 1-0

[Event "Ch Russia (juniors) (under 14)"]
[Site "masterchessopen.com - Dagomys (Russia)"]
[Round "9"]
[White "Sinitsin Roman (RUS)"]
[Black "Shimanov Aleksandr (RUS)"]
[Result "0-1"]
[WhiteElo "2207"]
[BlackElo "2389"]

1.d4 Nf6 2.c4 c5 3.d5 e6 4.g3 exd5 5.cxd5 g6 6.Bg2 Bg7 7.Nf3 O-O 8.Nc3 d6
9.O-O Na6 10.Bf4 Nc7 11.a4 Re8 12.Nd2 Nh5 13.Be3 b6 14.Rb1 Ba6 15.Qc2 Nf6
16.h3 Rxe3 17.fxe3 Qe7 18.e4 Nh5 19.Rf3 Qg5 20.Nf1 Be5 21.Qc1 Qe7 22.Kh1 Bc8
23.g4 Nf6 24.Ng3 Nd7 25.b4 Qh4 26.Nf1 Bd4 27.Nh2 Ne5 28.Rf1 Bxg4 29.Rf4 Qg3
30.Nxg4 Nxg4 {#R} 0-1

[Event "It (w)"]
[Site "masterchessopen.com - Tomsk (Russia)"]
[Round "0"]
[White "Kashlinskaya Alina (RUS)"]
[Black "Peregudov Nickolai (KAZ)"]
[Result "0-1"]
[WhiteElo "2121"]
[BlackElo "2398"]

1.d4 Nf6 2.c4 c5 3.d5 e6 4.Nc3 exd5 5.cxd5 d6 6.g3 g6 7.Bg2 Bg7 8.Nf3 O-O
9.O-O a6 10.a4 Nbd7 11.a5 Ne8 12.Bf4 h6 13.h4 Ndf6 14.e4 Nh5 15.Be3 Nef6
16.Nh2 Nd7 17.Nf3 Kh7 18.g4 Nhf6 19.h5 Nxg4 20.Ng5+ hxg5 21.Qxg4 Bh6 22.hxg6+
fxg6 23.Qg3 Rf4 24.Bxf4 gxf4 25.Qd3 Ne5 26.Qe2 Bd7 27.Rfb1 Qh4 28.b4 f3
29.Bxf3 Rf8 30.Bg2 Bf4 31.Qc2 Nf3+ 32.Kf1 Nd2+ {#R} 0-1

[Event "It (open) \"]
[Site "masterchessopen.com - Vladivostok (Russia)"]
[Round "0"]
[White "Vilchenko Maxim (RUS)"]
[Black "Khavrenko Vadim (RUS)"]
[Result "0-1"]
[WhiteElo "2235"]
[BlackElo "2323"]

1.d4 Nf6 2.c4 c5 3.d5 e6 4.Nc3 exd5 5.cxd5 d6 6.Nf3 g6 7.g3 Bg7 8.Bg2 O-O
9.O-O Na6 10.Bf4 Nc7 11.a4 Bg4 12.h3 Bxf3 13.Bxf3 h6 14.e4 g5 15.Be3 Nd7
16.Bg4 Ne5 17.Bf5 Nc4 18.Qe2 Nxe3 19.fxe3 Qe7 20.Kg2 Ne8 21.Rf2 Nf6 22.Rh1
Rae8 23.h4 g4 24.h5 a6 25.Rf4 b5 26.a5 Qc7 27.Bxg4 b4 28.Nd1 Nxe4 29.Bf5 Ng5
30.Nf2 Qxa5 31.Nh3 Nxh3 32.Kxh3 Qa2 33.Rd1 Qxb2 34.Bc2 b3 35.Rg4 bxc2 36.Rdd4
Qxd4 37.Rxd4 c1=Q {#R} 0-1